<?xml version="1.0" encoding="UTF-8"?>
<record
    xmlns:xsi="http://www.w3.org/2001/XMLSchema-instance"
    xsi:schemaLocation="http://www.loc.gov/MARC21/slim http://www.loc.gov/standards/marcxml/schema/MARC21slim.xsd"
    xmlns="http://www.loc.gov/MARC21/slim">

  <leader>00477nam a2200169Ia 4500</leader>
  <datafield tag="999" ind1=" " ind2=" ">
    <subfield code="c">3420</subfield>
    <subfield code="d">3420</subfield>
  </datafield>
  <controlfield tag="001">3169</controlfield>
  <controlfield tag="005">20231129105843.0</controlfield>
  <controlfield tag="008">140317s9999    xx            000 0 und d</controlfield>
  <datafield tag="040" ind1=" " ind2=" ">
    <subfield code="c">PK-LaUMT</subfield>
  </datafield>
  <datafield tag="082" ind1=" " ind2=" ">
    <subfield code="a">891.4393</subfield>
    <subfield code="b">SHA-L</subfield>
  </datafield>
  <datafield tag="100" ind1=" " ind2=" ">
    <subfield code="a">Shafiq ur Rehman = &#x634;&#x641;&#x6CC;&#x642; &#x627;&#x644;&#x631;&#x62D;&#x645;&#x646;</subfield>
  </datafield>
  <datafield tag="245" ind1=" " ind2=" ">
    <subfield code="a">Lahrain = &#x644;&#x6C1;&#x631;&#x6CC;&#x6BA; /</subfield>
    <subfield code="c">by Shafiq ur Rehman = &#x634;&#x641;&#x6CC;&#x642; &#x627;&#x644;&#x631;&#x62D;&#x645;&#x646;</subfield>
  </datafield>
  <datafield tag="260" ind1=" " ind2=" ">
    <subfield code="a">Lahore,Pakistan:</subfield>
    <subfield code="b">Mavara Publishers,</subfield>
    <subfield code="c">1991</subfield>
  </datafield>
  <datafield tag="300" ind1=" " ind2=" ">
    <subfield code="a">237 p.</subfield>
  </datafield>
  <datafield tag="546" ind1=" " ind2=" ">
    <subfield code="a">URDU</subfield>
  </datafield>
  <datafield tag="942" ind1=" " ind2=" ">
    <subfield code="c">STK2001</subfield>
  </datafield>
  <datafield tag="952" ind1=" " ind2=" ">
    <subfield code="0">0</subfield>
    <subfield code="1">0</subfield>
    <subfield code="4">0</subfield>
    <subfield code="7">0</subfield>
    <subfield code="a">01</subfield>
    <subfield code="b">01</subfield>
    <subfield code="d">2014-03-17</subfield>
    <subfield code="l">0</subfield>
    <subfield code="o"> 891.439 SHA-L</subfield>
    <subfield code="p">3680</subfield>
    <subfield code="r">2014-03-17 00:00:00</subfield>
    <subfield code="w">2014-03-17</subfield>
    <subfield code="y">BK</subfield>
  </datafield>
  <datafield tag="952" ind1=" " ind2=" ">
    <subfield code="0">0</subfield>
    <subfield code="1">0</subfield>
    <subfield code="4">0</subfield>
    <subfield code="7">0</subfield>
    <subfield code="a">01</subfield>
    <subfield code="b">01</subfield>
    <subfield code="d">2023-11-29</subfield>
    <subfield code="l">0</subfield>
    <subfield code="o">891.4393 SHA-L</subfield>
    <subfield code="p">145812</subfield>
    <subfield code="r">2023-11-29 00:00:00</subfield>
    <subfield code="t">C.2</subfield>
    <subfield code="w">2023-11-29</subfield>
    <subfield code="y">STK2001</subfield>
  </datafield>
</record>
